[Event "Wch Seniors 50 29th"]
[Site "Bucharest"]
[Date "2019.11.23"]
[Round "11"]
[White "Vladescu, Viorel Ovidiu"]
[Black "Brown, Steven A"]
[Result "1/2-1/2"]
[WhiteElo "1725"]
[BlackElo "1991"]
[PlyCount "128"]
[EventDate "2019.11.12"]
[EventType "swiss"]
[EventRounds "11"]
[EventCountry "ROU"]
[SourceTitle "CBM 193 Extra"]
[Source "ChessBase"]
[SourceDate "2020.01.31"]
[SourceVersion "1"]
[SourceVersionDate "2020.01.31"]
[SourceQuality "1"]

1. d4 d5 2. Nf3 Nc6 3. Bf4 e6 4. Nbd2 Bd6 5. Bg3 Nf6 6. e3 0-0 7. c4 h6 8. c5 Bxg3 9. hxg3 Qe7 10. Bb5 Bd7 11. a3 a6 12. Ba4 b5 13. cxb6 cxb6 14. Bc2 e5 15. dxe5 Nxe5 16. Nb3 Nxf3+ 17. gxf3 Ba4 18. Nd4 Bxc2 19. Qxc2 Rfc8 20. Qd3 Qe5 21. 0-0 Rc5 22. Kg2 Qc7 23. Rh1 b5 24. Qf5 Qc8 25. Qf4 Qc7 26. Qf5 Qc8 27. Qd3 Qc7 28. g4 Qe5 29. Rad1 Rc4 30. b3 Rc5 31. Rc1 Rac8 32. Rxc5 Rxc5 33. a4 bxa4 34. bxa4 Rc4 35. Qa3 Qc7 36. Nf5 Rc3 37. Qb4 Qc5 38. Qb8+ Kh7 39. g5 Ng8 40. Qe8 Qc7 41. Qf8 Qe5 42. Qxf7 Rc7 43. g6+ Kh8 44. Nxh6 gxh6 45. Rh5 Qg7 46. Qe8 Re7 47. Qc6 Nf6 48. Rh3 Qxg6+ 49. Rg3 Qf7 50. Qa8+ Re8 51. Qxa6 Rg8 52. Qd6 Rxg3+ 53. fxg3 Qg6 54. Qf4 Qc2+ 55. Kh3 Kg7 56. g4 Qd1 57. Kg2 Qe2+ 58. Kg3 Qe1+ 59. Kh3 Qh1+ 60. Kg3 Qe1+ 61. Kg2 Qe2+ 62. Kg1 Qe1+ 63. Kg2 Qe2+ 64. Kh3 Qf1+ 1/2-1/2

[Event "Wch Seniors 50 29th"]
[Site "Bucharest"]
[Date "2019.11.22"]
[Round "10"]
[White "Brown, Steven A"]
[Black "Rosenberg, Jan"]
[Result "0-1"]
[WhiteElo "1991"]
[BlackElo "1891"]
[PlyCount "118"]
[EventDate "2019.11.12"]
[EventType "swiss"]
[EventRounds "11"]
[EventCountry "ROU"]
[SourceTitle "CBM 193 Extra"]
[Source "ChessBase"]
[SourceDate "2020.01.31"]
[SourceVersion "1"]
[SourceVersionDate "2020.01.31"]
[SourceQuality "1"]

1. d4 Nf6 2. Nf3 g6 3. g3 c5 4. d5 d6 5. c4 b5 6. cxb5 a6 7. b6 Qxb6 8. Nc3 Bg7 9. Qc2 0-0 10. Bg2 Nbd7 11. 0-0 Rb8 12. Rb1 a5 13. h3 Ba6 14. Rd1 Rfc8 15. e4 Ne8 16. Bf4 Nc7 17. Bf1 Bxf1 18. Kxf1 Qb4 19. Kg2 a4 20. Nxa4 Ra8 21. Nc3 Rcb8 22. Bd2 Qc4 23. b3 Qa6 24. Bg5 Kf8 25. Rd2 Bxc3 26. Qxc3 f6 27. Bh6+ Kg8 28. Rdb2 Rb4 29. Qe1 Qd3 30. Re2 Rb7 31. h4 Qb5 32. Rc1 Ra3 33. Rcc2 Ra8 34. g4 Na6 35. Bd2 Rba7 36. g5 Nc7 37. Bc3 Ne5 38. Nxe5 fxe5 39. f4 exf4 40. Rf2 Rf8 41. Qd2 e5 42. dxe6 Nxe6 43. Qxd6 Re8 44. Qe5 Ng7 45. Qd5+ Ne6 46. Rcd2 Rf7 47. a4 Qa6 48. Qe5 Ng7 49. Qxc5 Qe6 50. Bxg7 Qg4+ 51. Kh1 f3 52. Bf6 Qxe4 53. Kg1 Qg4+ 54. Kf1 Qh3+ 55. Rg2 fxg2+ 56. Rxg2 Rc8 57. Qd5 Rc1+ 58. Kf2 Rc2+ 59. Kf1 Qh1+ 0-1

[Event "SCO-ch 125th"]
[Site "Paisley"]
[Date "2018.07.15"]
[Round "9"]
[White "Brown, Steven A"]
[Black "Sanger, Jake M"]
[Result "1-0"]
[WhiteElo "2028"]
[BlackElo "1841"]
[PlyCount "41"]
[EventDate "2018.07.07"]
[EventType "swiss"]
[EventRounds "9"]
[EventCountry "SCO"]
[SourceTitle "CBM 185 Extra"]
[Source "ChessBase"]
[SourceDate "2018.07.29"]
[SourceVersion "1"]
[SourceVersionDate "2018.07.29"]
[SourceQuality "1"]

1. d4 Nf6 2. Bf4 d5 3. e3 c5 4. c3 Nc6 5. Nd2 Bf5 6. Ngf3 Qb6 7. Qc1 cxd4 8. exd4 Rc8 9. a3 e6 10. Be2 Be7 11. 0-0 0-0 12. b4 Ne4 13. Qb2 Bg4 14. h3 Bxf3 15. Bxf3 Nxd2 16. Qxd2 a5 17. Be2 Na7 18. Qd3 Rc6 19. b5 Rc4 20. Qg3 Ra4 21. Bc7 1-0

[Event "SCO-ch 125th"]
[Site "Paisley"]
[Date "2018.07.09"]
[Round "3"]
[White "Brown, Steven A"]
[Black "Spanton, Timothy"]
[Result "0-1"]
[WhiteElo "2028"]
[BlackElo "1927"]
[PlyCount "112"]
[EventDate "2018.07.07"]
[EventType "swiss"]
[EventRounds "9"]
[EventCountry "SCO"]
[SourceTitle "CBM 185 Extra"]
[Source "ChessBase"]
[SourceDate "2018.07.29"]
[SourceVersion "1"]
[SourceVersionDate "2018.07.29"]
[SourceQuality "1"]

1. d4 d5 2. Bf4 e6 3. e3 Bd6 4. Bg3 Nf6 5. c3 Ne4 6. Nd2 Nxg3 7. hxg3 e5 8. dxe5 Bxe5 9. Ngf3 Bf6 10. Bd3 Nc6 11. Qc2 Qe7 12. 0-0-0 Be6 13. Nd4 Nxd4 14. exd4 h6 15. Rde1 0-0-0 16. Nb3 b6 17. Ba6+ Kd7 18. f4 g6 19. Bd3 Qd6 20. Nd2 Kc8 21. Nf3 Kb8 22. Ne5 Bxe5 23. Rxe5 Bd7 24. Qf2 h5 25. Rhe1 Rhe8 26. R1e3 Rxe5 27. fxe5 Qe7 28. Rf3 Be6 29. Rf6 Qd7 30. b3 Qe7 31. Kb2 Rh8 32. Qf4 Qd7 33. Qg5 Kb7 34. a4 a5 35. Bb5 c6 36. Be2 Ka7 37. Qf4 Qc8 38. c4 Qd7 39. cxd5 Qxd5 40. Bc4 Qxg2+ 41. Kc3 Bxc4 42. bxc4 Qa2 43. Rxf7+ Ka6 44. Qf6 Qa3+ 45. Kd2 Qb2+ 46. Kd3 Qb3+ 47. Ke4 Qc2+ 48. Kf3 Qd3+ 49. Kg2 Qe2+ 50. Kg1 Qe1+ 51. Kg2 Qe2+ 52. Qf2 Qxc4 53. Rf6 Rd8 54. e6 Rxd4 55. Rf8 Qd5+ 56. Kh3 Qh1+ 0-1

[Event "Ayr op"]
[Site "Ayr"]
[Date "2018.05.25"]
[Round "1"]
[White "McEwan, Peter"]
[Black "Brown, Steven A"]
[Result "0-1"]
[WhiteElo "1856"]
[BlackElo "2017"]
[PlyCount "56"]
[EventDate "2018.05.25"]
[EventType "swiss"]
[EventRounds "5"]
[EventCountry "SCO"]
[SourceTitle "CBM 184 Extra"]
[Source "ChessBase"]
[SourceDate "2018.06.28"]
[SourceVersion "1"]
[SourceVersionDate "2018.06.28"]
[SourceQuality "1"]

1. e4 e6 2. d4 d5 3. Nc3 Nc6 4. e5 f6 5. Nf3 Bd7 6. Ne2 Qe7 7. Bf4 0-0-0 8. c3 Qf7 9. h4 Nge7 10. h5 g5 11. hxg6 Nxg6 12. Bg3 fxe5 13. dxe5 Bg7 14. Ng5 Qe7 15. f4 Ncxe5 16. Rxh7 Nc4 17. Rxh8 Rxh8 18. Qc2 Nge5 19. Bf2 Ng4 20. Nh3 Nxf2 21. Nxf2 e5 22. f5 Ne3 23. Qd3 Bh6 24. g4 e4 25. Qb1 Qh4 26. Nd4 Nxg4 27. Qc2 e3 28. 0-0-0 Nxf2 0-1

[Event "Ayr op"]
[Site "Ayr"]
[Date "2017.05.28"]
[Round "5"]
[White "Brown, Steven A"]
[Black "Smith, Peter R"]
[Result "0-1"]
[WhiteElo "2030"]
[BlackElo "2029"]
[PlyCount "72"]
[EventDate "2017.05.26"]
[EventType "swiss"]
[EventRounds "5"]
[EventCountry "SCO"]
[SourceTitle "CBM 178 Extra"]
[Source "ChessBase"]
[SourceDate "2017.06.22"]
[SourceVersion "1"]
[SourceVersionDate "2017.06.22"]
[SourceQuality "1"]

1. d4 Nf6 2. g3 c5 3. d5 g6 4. Bg2 d6 5. Nf3 Bg7 6. 0-0 0-0 7. Re1 Na6 8. c4 b5 9. cxb5 Nc7 10. Nc3 Rb8 11. e4 Nxb5 12. Nxb5 Rxb5 13. Qc2 Qb6 14. Nd2 Ng4 15. Nc4 Qb8 16. Rb1 Ne5 17. Nxe5 Bxe5 18. Bh6 Re8 19. b3 a5 20. Bf1 Rb6 21. Bd2 Qa7 22. Bc3 Bxc3 23. Qxc3 Bd7 24. Bc4 a4 25. Kg2 Bb5 26. Bxb5 Rxb5 27. bxa4 Rxb1 28. Rxb1 Qxa4 29. Qe3 Qxa2 30. Rc1 Rb8 31. h4 h5 32. g4 Rb3 33. Qg5 Qe2 34. gxh5 Qxh5 35. Qxe7 Qg4+ 36. Kf1 Rh3 0-1

[Event "Ayr op"]
[Site "Ayr"]
[Date "2017.05.27"]
[Round "3"]
[White "Brown, Steven A"]
[Black "Malkin, Kenneth"]
[Result "1/2-1/2"]
[WhiteElo "2030"]
[BlackElo "1897"]
[PlyCount "33"]
[EventDate "2017.05.26"]
[EventType "swiss"]
[EventRounds "5"]
[EventCountry "SCO"]
[SourceTitle "CBM 178 Extra"]
[Source "ChessBase"]
[SourceDate "2017.06.22"]
[SourceVersion "1"]
[SourceVersionDate "2017.06.22"]
[SourceQuality "1"]

1. d4 Nf6 2. Nf3 g6 3. g3 Bg7 4. Bg2 d6 5. 0-0 0-0 6. c4 Nbd7 7. Nc3 e5 8. e4 a6 9. h3 Rb8 10. dxe5 dxe5 11. Qe2 c6 12. Bg5 Qe7 13. Rfd1 h6 14. Bxf6 Nxf6 15. Rac1 Nh5 16. b3 Be6 17. Na4 1/2-1/2

[Event "SCO-ch 123rd"]
[Site "Glasgow"]
[Date "2016.07.11"]
[Round "3"]
[White "Arakhamia Grant, Ketevan"]
[Black "Brown, Steven A"]
[Result "1-0"]
[WhiteElo "2368"]
[BlackElo "1996"]
[PlyCount "61"]
[EventDate "2016.07.09"]
[EventType "swiss"]
[EventRounds "9"]
[EventCountry "SCO"]
[SourceTitle "CBM 173 Extra"]
[Source "ChessBase"]
[SourceDate "2016.08.29"]
[SourceVersion "1"]
[SourceVersionDate "2016.08.29"]
[SourceQuality "1"]

1. e4 Nc6 2. Nf3 d5 3. exd5 Qxd5 4. Nc3 Qa5 5. d4 Bg4 6. Bb5 0-0-0 7. Bxc6 bxc6 8. h3 Qh5 9. Qe2 Bxf3 10. gxf3 e6 11. Be3 Bd6 12. 0-0-0 Ne7 13. Ne4 Nf5 14. Qa6+ Kd7 15. Nc5+ Ke7 16. Qxc6 Nxe3 17. fxe3 Qd5 18. Qxd5 exd5 19. Nd3 Kf6 20. e4 Bf8 21. c3 g6 22. Kc2 Bh6 23. Nb4 dxe4 24. fxe4 Rd7 25. Rhf1+ Kg7 26. Nc6 a6 27. e5 Re8 28. c4 Bg5 29. d5 Bh4 30. Rd3 Be7 31. Rxf7+ 1-0

[Event "Ayr op"]
[Site "Ayr"]
[Date "2016.05.27"]
[Round "1"]
[White "Brown, Steven A"]
[Black "Pannwitz, Kai"]
[Result "0-1"]
[WhiteElo "2021"]
[BlackElo "1826"]
[PlyCount "36"]
[EventDate "2016.05.27"]
[EventType "swiss"]
[EventRounds "5"]
[EventCountry "SCO"]
[SourceTitle "CBM 172 Extra"]
[Source "ChessBase"]
[SourceDate "2016.06.21"]
[SourceVersion "1"]
[SourceVersionDate "2016.06.21"]
[SourceQuality "1"]

1. d4 Nf6 2. c4 g6 3. g3 Bg7 4. Bg2 d5 5. b3 dxc4 6. bxc4 c5 7. e3 0-0 8. Bb2 Qa5+ 9. Nd2 Nc6 10. Ne2 cxd4 11. exd4 Rd8 12. 0-0 Qc7 13. Rc1 Bf5 14. a3 Rac8 15. Re1 Bh6 16. f4 e5 17. Bxc6 Qxc6 18. fxe5 Be3+ 0-1

[Event "Commonwealth-ch"]
[Site "Glasgow"]
[Date "2014.07.07"]
[Round "8"]
[White "Brown, Steven A"]
[Black "Campbell, Eoin S"]
[Result "0-1"]
[WhiteElo "2069"]
[BlackElo "1849"]
[PlyCount "64"]
[EventDate "2014.06.30"]
[EventType "swiss"]
[EventRounds "9"]
[EventCountry "SCO"]
[SourceTitle "CBM 161 Extra"]
[Source "ChessBase"]
[SourceDate "2014.08.29"]
[SourceVersion "1"]
[SourceVersionDate "2014.08.29"]
[SourceQuality "1"]

1. d4 Nf6 2. g3 d5 3. Nf3 g6 4. c4 dxc4 5. Bg2 Bg7 6. 0-0 0-0 7. Na3 Nc6 8. Nxc4 Be6 9. b3 Qc8 10. Bb2 Rd8 11. Rc1 Bh3 12. Re1 Bxg2 13. Kxg2 Ne4 14. Qd3 f5 15. a3 Kh8 16. Qe3 Qd7 17. Nce5 Qd5 18. Nxc6 bxc6 19. Kg1 c5 20. Rc4 Rab8 21. Ba1 cxd4 22. Bxd4 e5 23. Bxa7 Rb7 24. Rb4 Rxa7 25. Qxa7 Bf8 26. Rb8 Bc5 27. Qxc7 Bxf2+ 28. Kf1 Rxb8 29. Qxb8+ Kg7 30. Qc7+ Kh6 31. Rc1 Bd4 32. Qc4 Nd2+ 0-1

[Event "Commonwealth-ch"]
[Site "Glasgow"]
[Date "2014.07.06"]
[Round "7"]
[White "Bhuvaneshwari, R."]
[Black "Brown, Steven A"]
[Result "1-0"]
[WhiteElo "1708"]
[BlackElo "2069"]
[PlyCount "97"]
[EventDate "2014.06.30"]
[EventType "swiss"]
[EventRounds "9"]
[EventCountry "SCO"]
[SourceTitle "CBM 161 Extra"]
[Source "ChessBase"]
[SourceDate "2014.08.29"]
[SourceVersion "1"]
[SourceVersionDate "2014.08.29"]
[SourceQuality "1"]

1. e4 c5 2. Nf3 Nc6 3. d4 cxd4 4. Nxd4 Nf6 5. Nc3 e5 6. Ndb5 d6 7. a4 Be6 8. Bg5 Rc8 9. Be2 a6 10. Na3 Be7 11. 0-0 0-0 12. Bxf6 Bxf6 13. Nd5 Bxd5 14. Qxd5 Qc7 15. c3 Rcd8 16. Rfd1 g6 17. Rd3 Kg7 18. Rad1 Be7 19. Nc4 f5 20. exf5 Rxf5 21. Rf3 Bf8 22. Rxf5 gxf5 23. Bh5 Qe7 24. Ne3 Qf6 25. Qf3 f4 26. Qg4+ Kh8 27. Nd5 Qg7 28. Qf3 Qg5 29. Rd3 Rd7 30. Qe4 Rg7 31. Rh3 Nd8 32. Bf3 Ne6 33. Qc2 h6 34. b4 Qg6 35. Be4 Qg5 36. Qe2 Rg8 37. Rh5 Qg4 38. Qxg4 Rxg4 39. Nf6 Rg5 40. Rxg5 hxg5 41. Bxb7 e4 42. Nxe4 Bg7 43. c4 a5 44. bxa5 Bd4 45. a6 g4 46. c5 g3 47. a7 gxf2+ 48. Kf1 Nc7 49. cxd6 1-0

[Event "Commonwealth-ch"]
[Site "Glasgow"]
[Date "2014.07.05"]
[Round "6"]
[White "Brown, Steven A"]
[Black "Robinson, Stephen"]
[Result "1-0"]
[WhiteElo "2069"]
[BlackElo "1833"]
[PlyCount "111"]
[EventDate "2014.06.30"]
[EventType "swiss"]
[EventRounds "9"]
[EventCountry "SCO"]
[SourceTitle "CBM 161 Extra"]
[Source "ChessBase"]
[SourceDate "2014.08.29"]
[SourceVersion "1"]
[SourceVersionDate "2014.08.29"]
[SourceQuality "1"]

1. d4 e6 2. c4 f5 3. Nc3 Nf6 4. Nf3 d5 5. Bf4 c6 6. e3 Be7 7. Bd3 0-0 8. 0-0 h6 9. cxd5 exd5 10. Qc2 Ne4 11. Bxb8 Rxb8 12. Ne5 Bg5 13. f4 Bf6 14. b4 Be6 15. Na4 Nd6 16. Nc5 Bc8 17. a4 Bxe5 18. fxe5 Ne4 19. Bxe4 dxe4 20. Rac1 Qd5 21. Qb3 Qxb3 22. Nxb3 Be6 23. Nc5 Bc8 24. Rf2 g6 25. Nb3 Re8 26. Rfc2 Be6 27. Na5 a6 28. g3 g5 29. Nc4 Rf8 30. Nd6 Kg7 31. Rf2 Kg6 32. Rcf1 f4 33. gxf4 gxf4 34. Rxf4 Rxf4 35. Rxf4 Rg8 36. Nxe4 Kh5+ 37. Ng3+ Rxg3+ 38. hxg3 Kg5 39. Kf2 b6 40. a5 bxa5 41. bxa5 h5 42. e4 Bc4 43. Ke3 Be6 44. Rf6 Bd7 45. Rd6 Be8 46. Kf3 h4 47. gxh4+ Kxh4 48. Kf4 Kh5 49. e6 Kg6 50. Ke5 c5 51. dxc5 Kg7 52. Rxa6 Kf8 53. Kd6 Bb5 54. Ra8+ Kg7 55. e7 Kf7 56. Rf8+ 1-0

[Event "Commonwealth-ch"]
[Site "Glasgow"]
[Date "2014.07.02"]
[Round "3"]
[White "Heron, Donald"]
[Black "Brown, Steven A"]
[Result "0-1"]
[WhiteElo "1800"]
[BlackElo "2069"]
[PlyCount "94"]
[EventDate "2014.06.30"]
[EventType "swiss"]
[EventRounds "9"]
[EventCountry "SCO"]
[SourceTitle "CBM 161 Extra"]
[Source "ChessBase"]
[SourceDate "2014.08.29"]
[SourceVersion "1"]
[SourceVersionDate "2014.08.29"]
[SourceQuality "1"]

1. c4 e6 2. g3 d5 3. Bg2 Nf6 4. Nf3 Be7 5. 0-0 0-0 6. b3 c5 7. Bb2 d4 8. b4 Nc6 9. bxc5 Bxc5 10. d3 Re8 11. Nbd2 e5 12. Ng5 Bf8 13. Nge4 Nxe4 14. Nxe4 f5 15. Nd2 f4 16. Qb3 Qc7 17. Ne4 h6 18. Ba3 Be6 19. Bxf8 Kxf8 20. Nc5 Rab8 21. Nxe6+ Rxe6 22. Qa3+ Ne7 23. Rfb1 Ra6 24. Qb4 Rb6 25. Qd2 fxg3 26. hxg3 Qc5 27. Be4 Ng8 28. Rxb6 Qxb6 29. a3 Nf6 30. Bg2 Qc5 31. Qb4 b6 32. Rb1 Rc8 33. a4 Qxb4 34. Rxb4 Rc5 35. Kf1 Ke7 36. Ke1 Kd6 37. Bf3 Ra5 38. Kd2 Nd7 39. Bh5 Ke7 40. Bf3 Kd6 41. Bh5 Nc5 42. Be8 Na6 43. Rb3 Nc7 44. Bg6 Rxa4 45. f4 exf4 46. gxf4 Ne6 47. f5 Ra2+ 0-1

[Event "Grangemouth Premier"]
[Site "Grangemouth"]
[Date "2009.09.05"]
[Round "3"]
[White "Brown, Steven A"]
[Black "McGregor, Lindsay A"]
[Result "0-1"]
[WhiteElo "2069"]
[BlackElo "2012"]
[PlyCount "38"]
[EventDate "2009.09.04"]
[EventType "swiss"]
[EventRounds "5"]
[EventCountry "SCO"]
[SourceTitle "EXT 2023"]
[Source "ChessBase"]
[SourceDate "2022.10.05"]
[SourceVersion "1"]
[SourceVersionDate "2022.10.05"]
[SourceQuality "1"]

1. d4 Nf6 2. Nf3 c5 3. d5 d6 4. c4 g6 5. g3 Bg7 6. Bg2 0-0 7. Nc3 Na6 8. 0-0 Nc7 9. h3 e6 10. dxe6 fxe6 11. e4 d5 12. e5 Nd7 13. cxd5 exd5 14. Bg5 Qe8 15. Nxd5 Ne6 16. Re1 Rxf3 17. Bxf3 Nxg5 18. Nf6+ Nxf6 19. exf6 Qxe1+ 0-1

[Event "Edinburgh Premier"]
[Site "Edinburgh"]
[Date "2007.04.15"]
[Round "4"]
[White "Brown, Steven A"]
[Black "Borchgrevink, Harald"]
[Result "0-1"]
[WhiteElo "2054"]
[BlackElo "2297"]
[PlyCount "160"]
[EventDate "2007.04.13"]
[EventType "swiss"]
[EventRounds "5"]
[EventCountry "SCO"]
[SourceTitle "EXT 2008"]
[Source "ChessBase"]
[SourceDate "2007.11.25"]
[SourceVersion "1"]
[SourceVersionDate "2007.11.25"]
[SourceQuality "1"]

1. d4 d5 2. Nf3 c6 3. e3 Nf6 4. c4 e6 5. Nc3 Nbd7 6. Bd3 dxc4 7. Bxc4 b5 8. Bd3 Bd6 9. 0-0 0-0 10. e4 e5 11. Bg5 exd4 12. Nxd4 Ne5 13. Bc2 b4 14. Nce2 c5 15. Nf5 Bxf5 16. exf5 h6 17. Bh4 Be7 18. Qxd8 Rfxd8 19. Rfd1 Kf8 20. Bg3 Nc4 21. b3 Na3 22. Bd3 a5 23. Kf1 a4 24. Rac1 axb3 25. axb3 Rd7 26. Nf4 Rad8 27. Ke2 Bd6 28. Bc4 Ne4 29. Kf3 Nc3 30. Re1 Nxc4 31. bxc4 Bxf4 32. Bxf4 Rd4 33. Be5 Rxc4 34. Bxc3 bxc3 35. Re3 c2 36. Ke2 Rd5 37. Rf3 Ke7 38. f6+ gxf6 39. Rh3 h5 40. Rd3 Ke6 41. Ra3 Re5+ 42. Kd2 Rd4+ 43. Kxc2 Re2+ 44. Kb1 Rxf2 45. Rxc5 Rd1+ 46. Rc1 Rxc1+ 47. Kxc1 Rxg2 48. Rh3 Rg5 49. Kd2 Re5 50. Kd3 Ke7 51. Rg3 Kf8 52. Rg2 Rg5 53. Rf2 Kg7 54. Ke4 Kg6 55. Ra2 f5+ 56. Kf3 Rg4 57. Ra5 Rb4 58. Kg3 Kg5 59. Rc5 Rb3+ 60. Kg2 h4 61. Rc2 Kg4 62. Rc7 Rb2+ 63. Kg1 f6 64. Rc3 f4 65. h3+ Kg5 66. Rc5+ f5 67. Rc3 Re2 68. Rc8 f3 69. Rc4 Re4 70. Rc8 Kf4 71. Rg8 Ra4 72. Kf1 Ra1+ 73. Kf2 Ra2+ 74. Kf1 Rh2 75. Rf8 Rxh3 76. Re8 Rg3 77. Rh8 Rg4 78. Kf2 Rg2+ 79. Kf1 Ra2 80. Rh7 Kg3 0-1

[Event "Edinburgh Premier"]
[Site "Edinburgh"]
[Date "2007.04.14"]
[Round "2"]
[White "Brown, Steven A"]
[Black "Hoffmann, Heinrich"]
[Result "1-0"]
[WhiteElo "2054"]
[BlackElo "2039"]
[PlyCount "115"]
[EventDate "2007.04.13"]
[EventType "swiss"]
[EventRounds "5"]
[EventCountry "SCO"]
[SourceTitle "EXT 2008"]
[Source "ChessBase"]
[SourceDate "2007.11.25"]
[SourceVersion "1"]
[SourceVersionDate "2007.11.25"]
[SourceQuality "1"]

1. d4 g6 2. g3 Bg7 3. Bg2 Nf6 4. Nf3 0-0 5. 0-0 d6 6. Re1 c5 7. dxc5 dxc5 8. Qxd8 Rxd8 9. c3 Nc6 10. Be3 b6 11. Ne5 Nxe5 12. Bxa8 Nc4 13. Bc1 Bf5 14. Bg2 h5 15. f3 Bc2 16. e4 Ne5 17. Na3 Ba4 18. b3 Bc6 19. Be3 Rd3 20. Rac1 g5 21. Nb1 g4 22. f4 Nf3+ 23. Bxf3 gxf3 24. e5 Ng4 25. Bf2 f6 26. exf6 Bxf6 27. Rcd1 Be4 28. Rxd3 Bxd3 29. Rd1 Bxb1 30. Rxb1 Bxc3 31. h3 Nf6 32. Rd1 Ne4 33. Rd3 Bd2 34. Rxf3 b5 35. Rd3 c4 36. bxc4 bxc4 37. Rd4 c3 38. Rxe4 c2 39. Rc4 c1Q+ 40. Rxc1 Bxc1 41. Bxa7 h4 42. Kg2 hxg3 43. Kxg3 Ba3 44. Kg4 Kf7 45. Bd4 e6 46. h4 Kg6 47. h5+ Kh6 48. Bf6 Kh7 49. Kg5 Bc1 50. a4 Bd2 51. Be5 Ba5 52. Kf6 Kh6 53. Kxe6 Kxh5 54. Kd5 Kg4 55. Kc5 Kf5 56. Kb5 Bd2 57. a5 Be3 58. Kc6 1-0

[Event "Edinburgh Premier"]
[Site "Edinburgh"]
[Date "2007.04.14"]
[Round "3"]
[White "Redpath, Joseph"]
[Black "Brown, Steven A"]
[Result "1/2-1/2"]
[WhiteElo "2244"]
[BlackElo "2054"]
[PlyCount "130"]
[EventDate "2007.04.13"]
[EventType "swiss"]
[EventRounds "5"]
[EventCountry "SCO"]
[SourceTitle "EXT 2008"]
[Source "ChessBase"]
[SourceDate "2007.11.25"]
[SourceVersion "1"]
[SourceVersionDate "2007.11.25"]
[SourceQuality "1"]

1. d4 d5 2. Nf3 Nf6 3. e3 Bg4 4. c4 c6 5. Nc3 e6 6. h3 Bh5 7. g4 Bg6 8. Ne5 Nbd7 9. h4 dxc4 10. Nxc4 h5 11. g5 Nd5 12. Bg2 b5 13. Nd2 Rc8 14. Nde4 Bxe4 15. Nxe4 Bb4+ 16. Bd2 Qe7 17. 0-0 Bxd2 18. Qxd2 g6 19. Rac1 0-0 20. Nc5 Rfd8 21. Nb7 Re8 22. Na5 Nb8 23. Rc5 Rc7 24. Rfc1 Rec8 25. a3 Qd6 26. b4 Nd7 27. R5c2 Ne7 28. e4 Nb8 29. f4 Rd8 30. Nb3 Na6 31. Qe3 Rdc8 32. Rc3 Kf8 33. R1c2 Kg8 34. Qc1 Kf8 35. Kf2 Kg8 36. Ke3 Kf8 37. Nc5 Nb8 38. Rd3 Re8 39. Ra2 Nd7 40. Nxd7+ Qxd7 41. Rc3 Rd8 42. Rd2 Kg8 43. Bf1 a6 44. Be2 Re8 45. Bd1 Kf8 46. Bb3 Kg8 47. Kf2 Rec8 48. Rcd3 Qd6 49. Kf3 Qd7 50. Qc5 Rd8 51. Qe5 Qd6 52. Qc5 Qd7 53. Ke3 Re8 54. Ke2 Kh7 55. Kd1 Rd8 56. Kc2 Kg8 57. Kb2 Ra8 58. Rc3 Rac8 59. Qe5 Re8 60. Rdc2 Kh7 61. Qf6 Ng8 62. Qe5 Ne7 63. Qc5 Rb7 64. Rd2 Rc8 65. Qe5 Re8 1/2-1/2

[Event "SCO-ch"]
[Site "Troon"]
[Date "2006.07.12"]
[Round "5"]
[White "Brown, Steven A"]
[Black "Grant, Alan"]
[Result "0-1"]
[WhiteElo "2087"]
[BlackElo "2193"]
[PlyCount "90"]
[EventDate "2006.07.08"]
[EventType "tourn"]
[EventRounds "9"]
[EventCountry "SCO"]
[SourceTitle "CBM 113 Extra"]
[Source "ChessBase"]
[SourceDate "2006.09.14"]
[SourceVersion "1"]
[SourceVersionDate "2006.09.14"]
[SourceQuality "1"]

1. d4 Nf6 2. Nf3 g6 3. g3 Bg7 4. Bg2 0-0 5. 0-0 d6 6. c4 Nbd7 7. Nc3 e5 8. e4 a6 9. h3 b5 10. dxe5 dxe5 11. Qe2 b4 12. Nd5 a5 13. Bg5 c6 14. Nxf6+ Bxf6 15. Bxf6 Qxf6 16. a3 Ba6 17. axb4 axb4 18. b3 Nc5 19. Qe3 Qe7 20. Rfd1 Bb7 21. Ne1 Ne6 22. Nd3 Nd4 23. Rxa8 Rxa8 24. Nxe5 c5 25. Nf3 Nc2 26. Qh6 f6 27. Qd2 Bxe4 28. Ne1 Nd4 29. Qe3 Re8 30. Bxe4 Qxe4 31. Qxe4 Rxe4 32. Rb1 Nxb3 33. Nd3 Nd2 34. Rd1 Nf3+ 35. Kg2 Ne5 36. Nxc5 Rxc4 37. Nd7 Kf7 38. Nxe5+ fxe5 39. Rd7+ Ke6 40. Rxh7 Kd5 41. h4 Kd4 42. h5 gxh5 43. Rxh5 b3 44. Rh1 b2 45. Kf3 Rc1 0-1

[Event "West of Scotland Premier"]
[Site "Scotland"]
[Date "2005.05.20"]
[Round "1"]
[White "Grant, Alan"]
[Black "Brown, Steven A"]
[Result "0-1"]
[WhiteElo "2182"]
[BlackElo "2093"]
[PlyCount "88"]
[EventDate "2005.05.23"]
[EventType "swiss"]
[EventRounds "5"]
[EventCountry "SCO"]
[SourceTitle "EXT 2007"]
[Source "ChessBase"]
[SourceDate "2006.11.23"]
[SourceVersion "1"]
[SourceVersionDate "2006.11.23"]
[SourceQuality "1"]

1. e4 c5 2. Nf3 Nc6 3. Nc3 e5 4. g3 d6 5. Bg2 Nf6 6. 0-0 Be7 7. d3 0-0 8. h3 Nd4 9. Nh2 b5 10. f4 exf4 11. gxf4 Ne8 12. Nd5 Bb7 13. Nxe7+ Qxe7 14. c3 Nc6 15. Bd2 Kh8 16. Qb3 Nc7 17. Rae1 c4 18. dxc4 Na5 19. Qc2 Nxc4 20. Bc1 Rac8 21. Nf3 f6 22. Nd4 Ne6 23. Nxe6 Qxe6 24. Qf2 Rf7 25. b3 Nb6 26. Bd2 Nd7 27. Qd4 Nc5 28. Rf2 Rd7 29. Kh2 Qf7 30. Rfe2 a6 31. h4 Re8 32. Bh3 Rde7 33. e5 f5 34. Qxd6 Ne4 35. Qb6 Qh5 36. Rxe4 Bxe4 37. Qf2 Rd8 38. Be3 Rd3 39. Bd4 Rf3 40. Qg2 Qxh4 41. Rxe4 fxe4 42. f5 Qf4+ 43. Kh1 Rxe5 44. Bxe5 Qxe5 0-1